Models of Contextual Theology (Record no. 8226)

MARC details
000 -LEADER
fixed length control field 00655nam a22002057a 4500
003 - CONTROL NUMBER IDENTIFIER
control field OSt
005 - DATE AND TIME OF LATEST TRANSACTION
control field 20260203084833.0
008 - FIXED-LENGTH DATA ELEMENTS--GENERAL INFORMATION
fixed length control field 260203b |||||||| |||| 00| 0 eng d
020 ## - INTERNATIONAL STANDARD BOOK NUMBER
International Standard Book Number 971-510-166-6.
040 ## - CATALOGING SOURCE
Original cataloging agency DWC-Main lib
Transcribing agency OC
082 ## - DEWEY DECIMAL CLASSIFICATION NUMBER
Edition number Revised and Expanded edition
Classification number GR. 230 B571m 2002
100 ## - MAIN ENTRY--PERSONAL NAME
Personal name Bevans, Stephen B.
245 ## - TITLE STATEMENT
Title Models of Contextual Theology
Statement of responsibility, etc. Stephen B. Bevans
260 ## - PUBLICATION, DISTRIBUTION, ETC.
Place of publication, distribution, etc. Manila :
Name of publisher, distributor, etc. Logos Publications,
Date of publication, distribution, etc. c2002.
300 ## - PHYSICAL DESCRIPTION
Extent xx, 186 pages ;
Dimensions 23 cm.
504 ## - BIBLIOGRAPHY, ETC. NOTE
Bibliography, etc. note Includes bibliographical references and index.
650 ## - SUBJECT ADDED ENTRY--TOPICAL TERM
Topical term or geographic name entry element 1. Christianity.
650 ## - SUBJECT ADDED ENTRY--TOPICAL TERM
Topical term or geographic name entry element 2. Culture.
942 ## - ADDED ENTRY ELEMENTS (KOHA)
Source of classification or shelving scheme Dewey Decimal Classification
Koha item type General Reference
Edition Rev. and Expanded ed.
Call number prefix GR.
Suppress in OPAC No
952 ## - LOCATION AND ITEM INFORMATION (KOHA)
--
952 ## - LOCATION AND ITEM INFORMATION (KOHA)
--
952 ## - LOCATION AND ITEM INFORMATION (KOHA)
--
Holdings
Withdrawn status Lost status Source of classification or shelving scheme Damaged status Not for loan Home library Current library Shelving location Date acquired Source of acquisition Cost, normal purchase price Total Checkouts Full call number Barcode Date last seen Copy number Price effective from Koha item type Uniform Resource Identifier
    Dewey Decimal Classification     College Library College Library General Reference 09/07/2007 School Fund 0.00   GR. 230 B571m 2002 CL45146 02/03/2026 c3 02/03/2026 GR
    Dewey Decimal Classification     College Library College Library General Reference 08/23/2007 School Fund 0.00   GR. 230 B571m 2002 CL45081 02/03/2026 c1 02/03/2026 GR
    Dewey Decimal Classification     College Library College Library General Reference 08/23/2007 School Fund 0.00   GR. 230 B571m 2002 CL45080 02/03/2026 c2 02/03/2026 GR